The Louisiana Purchase Territory - Statistics

General Stats
  • This quiz has been taken 35 times
  • The average score is 14 of 15
Answer Stats
Answer % Correct
Kansas
100%
Minnesota
100%
Nebraska
100%
South Dakota
100%
Wyoming
100%
Arkansas
93%
Colorado
93%
Missouri
93%
Montana
93%
North Dakota
93%
Oklahoma
93%
Texas
93%
Iowa
86%
Louisiana
86%
New Mexico
79%
No matching quizzes found
Score Distribution
Percent of People with Each Score
Percentile by Number Answered
Your Score History
You have not taken this quiz